| 000 | 00504nam a2200169Ia 4500 | ||
|---|---|---|---|
| 008 | 210716s2005 xx 000 0 und d | ||
| 020 | _a8178814617 | ||
| 041 | _aeng | ||
| 082 | _a332.6 GHOR | ||
| 100 | _aGhosh, Rajarshi. | ||
| 245 |
_aForeign direct investment: policies and experiences. _bPolicies and experiences. |
||
| 250 | _a1 | ||
| 260 |
_aHyderabad _bICFAI University Press _c2005 |
||
| 300 | _avi,209,6 | ||
| 650 | _aInvestment Analysis & Portfolio Management | ||
| 700 | _aGhosh, Rajarshi. | ||
| 999 |
_c199651 _d199651 |
||